000 00510nam a22001817a 4500
003 SISC
005 20160404092647.0
008 130905t xxu||||| |||| 00| 0 eng d
050 _aHS 3359
_b.C123 1963
082 _aHS 369.46
_bC11 1963
245 _aCadette :
_bGirl Scout handbook /
260 _aNew York :
_bGirl Scouts of the United States of America,
_cc1963.
300 _a375 p. :
_c23 cm.
500 _aIncludes index.
650 _aGirl Scout .
_916671
942 _2lcc
_cBK
999 _c10423
_d10423